| 000 | 004390000a22001690004500 | ||
|---|---|---|---|
| 003 | MACL | ||
| 005 | 20160107114336.0 | ||
| 008 | 160107b xxu||||| |||| 00| 0 eng d | ||
| 040 |
_aMACL _cMACL |
||
| 041 | _aEnglish | ||
| 082 | _a822/CHA | ||
| 100 |
_aKnight, Charles _927473 |
||
| 245 |
_aThe Pictorial Edition Of the Works of Shakspere _bvol 1 |
||
| 260 | _bCharles Knight and Co | ||
| 650 |
_aDrama _929124 |
||
| 942 |
_cBK _k822/CHA _2ddc |
||
| 999 |
_c39086 _d39086 |
||